Hotel management theory / (Record no. 27256)

MARC details
000 -LEADER
fixed length control field 01113nam a22002537a 4500
005 - DATE AND TIME OF LATEST TRANSACTION
control field 20090605122629.0
008 - FIXED-LENGTH DATA ELEMENTS--GENERAL INFORMATION
fixed length control field 090605t xxu||||| |||| 00| 0 eng d
010 ## - LCCN (DPL NO)
LC control number ENG-93898-99
020 ## - INTERNATIONAL STANDARD BOOK NUMBER
Terms of availability 1000.00(each)
International Standard Book Number 8170249473
020 ## - INTERNATIONAL STANDARD BOOK NUMBER
Terms of availability 1000.00(each)
International Standard Book Number 8176480347
035 ## - SYSTEM CONTROL NUMBER
System control number EN-77431-32
037 ## - SOURCE OF ACQUISITION
Source of stock number/acquisition DBAD / PUB
040 ## - CATALOGING SOURCE
Original cataloging agency dpl
Language of cataloging English
082 ## - DEWEY DECIMAL CLASSIFICATION NUMBER
Classification number 647.94068
100 ## - MAIN ENTRY--PERSONAL NAME
Personal name Chakravarti, B.K.
245 ## - TITLE STATEMENT
Title Hotel management theory /
Statement of responsibility, etc by B.K.Chakravarti
260 ## - PUBLICATION, DISTRIBUTION, ETC. (IMPRINT)
Place of publication, distribution, etc New Delhi
Name of publisher, distributor, etc APH Publishing Corporation
Date of publication, distribution, etc 2009
270 ## - ADDRESS
Address 5, Ansari Road, Daryaganj
City New Delhi
Postal code 110002
300 ## - PHYSICAL DESCRIPTION
Extent 2v.(x, 578p.; viii, 854p.)
Dimensions 25cm(Hb)
500 ## - GENERAL NOTE
General note Includes index
942 ## - ADDED ENTRY ELEMENTS (KOHA)
Source of classification or shelving scheme Dewey Decimal Classification
Item type English Books
Call number suffix CHA
Classification part 647.94068
Holdings
Withdrawn status Lost status Source of classification or shelving scheme Materials specified (bound volume or other part) Damaged status Not for loan Collection code Home library Current library Date acquired Source of acquisition Cost, normal purchase price Total Checkouts Full call number Barcode Date last seen Copy number Cost, replacement price Koha item type Public note
    Dewey Decimal Classification v.1   Not For Loan Non-fiction D.B.Act.Division D.B.Act.Division 05/06/2009 DBAD / PUB 1000.00   647.94068 CHA EN-77431 05/06/2009 1 1000.00 English Books v.1
    Dewey Decimal Classification v.2   Not For Loan Non-fiction D.B.Act.Division D.B.Act.Division 05/06/2009 DBAD / PUB 1000.00   647.94068 CHA EN-77432 05/06/2009 1 1000.00 English Books v.2

© Delhi Public Library
Hit Counter
free hit counter